[Event "Chigorin Memorial-B 15th"]
[Site "St Petersburg"]
[Date "2007.12.06"]
[Round "6"]
[White "Martynova, Anastasia"]
[Black "Palchun, Grigory"]
[Result "0-1"]
[WhiteElo "1898"]
[BlackElo "2051"]
[PlyCount "104"]
[EventDate "2007.11.30"]
[EventType "swiss"]
[EventRounds "9"]
[EventCountry "RUS"]
[SourceTitle "CBM 121 Extra"]
[Source "ChessBase"]
[SourceDate "2008.01.10"]
[SourceVersion "1"]
[SourceVersionDate "2008.01.10"]
[SourceQuality "1"]

1. e4 c5 2. Nf3 a6 3. d4 cxd4 4. Nxd4 Nf6 5. Nc3 e5 6. Nf3 Bb4 7. Bd3 d5 8. exd5 e4 9. Qe2 Bxc3+ 10. bxc3 0-0 11. c4 exf3 12. Qxf3 Re8+ 13. Be3 Qa5+ 14. Kf1 Nbd7 15. Bd4 Ne5 16. Qf4 Nxd3 17. cxd3 Qa3 18. Qg3 Bf5 19. Bxf6 Qxd3+ 20. Kg1 Qxg3 21. hxg3 gxf6 22. Kh2 Re2 23. f3 Rc2 24. Rhc1 Rc8 25. Rxc2 Bxc2 26. d6 Kf8 27. Re1 Ba4 28. Re4 Bc6 29. Rh4 Bd7 30. Rxh7 Rxc4 31. Rh8+ Kg7 32. Rb8 Bc6 33. d7 Bxd7 34. Rxb7 Be6 35. Ra7 Ra4 36. g4 Rxa2 37. Kh3 a5 38. f4 a4 39. Ra5 a3 40. Kg3 Ra1 41. g5 f5 42. g6 Kxg6 43. Kh2 a2 44. g4 fxg4 45. f5+ Bxf5 46. Ra8 Be6 47. Rg8+ Kf6 48. Kg3 Rg1+ 49. Kh2 a1Q 50. Rg6+ Kf5 51. Rg5+ Ke4 52. Rf5 Rh1+ 0-1

[Event "Chigorin Memorial-B 15th"]
[Site "St Petersburg"]
[Date "2007.12.02"]
[Round "2"]
[White "Martynova, Anastasia"]
[Black "Minina, Veronika"]
[Result "1-0"]
[WhiteElo "1898"]
[BlackElo "2136"]
[PlyCount "91"]
[EventDate "2007.11.30"]
[EventType "swiss"]
[EventRounds "9"]
[EventCountry "RUS"]
[SourceTitle "CBM 121 Extra"]
[Source "ChessBase"]
[SourceDate "2008.01.10"]
[SourceVersion "1"]
[SourceVersionDate "2008.01.10"]
[SourceQuality "1"]

1. e4 e6 2. d4 d5 3. Nc3 Nf6 4. Bg5 Bb4 5. e5 h6 6. Bd2 Bxc3 7. bxc3 Ne4 8. Qg4 Kf8 9. h4 c5 10. Rh3 Nc6 11. Bd3 Nxd2 12. Kxd2 c4 13. Be2 b5 14. Qf4 Qe7 15. Bh5 Bd7 16. Ne2 a5 17. a3 Ra7 18. g4 Be8 19. g5 hxg5 20. hxg5 g6 21. Rah1 Qxa3 22. Bxg6 Rxh3 23. Rxh3 Ne7 24. Rh8+ Ng8 25. Bh7 Ke7 26. Bxg8 b4 27. cxb4 c3+ 28. Nxc3 Rc7 29. Qf6+ Kd7 30. Nb5 Qxb4+ 31. Ke3 Rxc2 32. Rh2 Qxb5 33. Bxf7 Qe2+ 34. Kf4 Qe4+ 35. Kg3 Rc3+ 36. f3 Qe1+ 37. Kf4 Qc1+ 38. Kg3 Qg1+ 39. Rg2 Qe1+ 40. Kg4 Bxf7 41. Qxf7+ Kd8 42. Qxe6 Rc7 43. Qxd5+ Rd7 44. Qg8+ Kc7 45. Rc2+ Kb6 46. Qe6+ 1-0